Customer behavior : Consumer behavior and beyond (Record no. 167751)

MARC details
000 -LEADER
fixed length control field 00431nam a2200145Ia 4500
008 - FIXED-LENGTH DATA ELEMENTS--GENERAL INFORMATION
fixed length control field 231217s9999 xx 000 0 und d
041 ## - LANGUAGE CODE
Language code of text/sound track or separate title English
082 ## - DEWEY DECIMAL CLASSIFICATION NUMBER
Classification number 658.8342 SHE;1 `R'
100 ## - MAIN ENTRY--PERSONAL NAME
Personal name Sheth, Jagdish N Mittal, Banwari Newman, Bruce 1
245 #0 - TITLE STATEMENT
Title Customer behavior : Consumer behavior and beyond
260 ## - PUBLICATION, DISTRIBUTION, ETC.
Date of publication, distribution, etc. 1999
Name of publisher, distributor, etc. Harcourt Brace College
300 ## - PHYSICAL DESCRIPTION
Extent xxxii+1-17-Cr-3
650 ## - SUBJECT ADDED ENTRY--TOPICAL TERM
Topical term or geographic name entry element Customer behavior
942 ## - ADDED ENTRY ELEMENTS (KOHA)
Koha item type Books
Holdings
Date last seen Total checkouts Full call number Accession number Cost, total (INR) price Price effective from Category Lost status Damaged status Department Withdrawn status Home library Current library Entry date Vendor Cost, normal purchase price Grants Billnumber Billdate Currency symbol Conversion rate Discount Old discount
26/01/2024   658.8342 SHE;1 `R' 17406 998.32 26/01/2024 Books     Central Library   Central Library Central Library 30/03/2001 Allied publ. 1174.50 MBA BAN/CR/011710 27/01/2004 RS 1 176.18 15

© For any Suggestions or Query, please contact the library staff @ librarian@pes.edu or Phone: +9180 2672 1983/ 2108.